50+1 nejúžasnějších světových měst /

Hlavní autor: Christopher, Paul, 1949-
Jazyk: Čeština
Vydáno: Praha : Práh, 2007
Vydání: Vyd. 1.
Témata:
Fyzický popis: 269 s. ; 22 cm
Knihy
Uloženo v:
LEADER 01698nam a2200481 a 4500
001 nkc20071724752
003 CZ PrNK
005 20070906160731.0
007 ta
008 070618s2007 xr g f 000 0 cze
015 |a cnb001724752 
020 |a 978-80-7252-164-7  |q (váz.) 
035 |a (OCoLC)187296925 
040 |a BOA001  |b cze  |d ABA001 
041 1 |a cze  |h eng 
072 7 |a 913  |x Regionální geografie  |2 Konspekt  |9 7 
080 |a 911.375  |2 MRF 
080 |a 913(100)  |2 MRF 
080 |a 908(100)  |2 MRF 
080 |a (100)  |2 MRF 
080 |a (048.8)  |2 MRF 
100 1 |a Christopher, Paul,  |d 1949-  |7 xx0043254  |4 aut 
245 1 0 |a 50+1 nejúžasnějších světových měst /  |c Paul J. Christopher ; [z anglického originálu přeložila Bronislava Bartoňová] 
246 3 |a Padesát plus jedna nejúžasnějších světových měst 
250 |a Vyd. 1. 
260 |a Praha :  |b Práh,  |c 2007 
300 |a 269 s. ;  |c 22 cm 
650 0 7 |a města  |7 ph115399  |z země světa  |2 czenas 
650 0 7 |a města  |7 ph115399  |x reálie  |2 czenas 
650 0 7 |a regionální geografie světa  |7 ph120523  |2 czenas 
650 0 9 |a cities and towns  |z countries of the world  |2 eczenas 
650 0 9 |a cities and towns  |x history and geography  |2 eczenas 
650 0 9 |a world geography  |2 eczenas 
655 7 |a přehledy  |7 fd133202  |2 czenas 
655 7 |a průvodce  |7 fd133154  |2 czenas 
655 9 |a surveys  |2 eczenas 
655 9 |a guidebooks  |2 eczenas 
765 0 |t 50+1 greatest cities in the world you should visit  |9 Česky 
910 2 |a BOA001  |b 2-1187.988 
990 |a BK 
995 |a 01 
991 |b 200706  |c NOV 
996 6 |b 2610313422  |c 2-1187.988  |l MZK  |r Sklad / do 1 hodiny  |n 0  |p p.v.  |w 000854508  |u 000010  |a 1  |e BOA001  |j MZK50  |s P